Unamuno: ansia de Dios y creación literaria
Uloženo v:
| Hlavní autor: | |
|---|---|
| Médium: | Kniha |
| Jazyk: | španělština |
| Vydáno: |
Madrid
Ediciones Alcalá
1966
|
| Témata: | |
| Tagy: |
Přidat tag
Žádné tagy, Buďte první, kdo vytvoří štítek k tomuto záznamu!
|
MARC
| LEADER | 00000nam a2200000 a 4500 | ||
|---|---|---|---|
| 001 | UCT7433 | ||
| 003 | CL-VaPUC | ||
| 008 | 970117e19660000SP |||||||||||||||||spa|d | ||
| 082 | 0 | 4 | |a 863.09 |b FER |2 21 |
| 100 | 0 | |a Fernández Turienzo, F |e author |9 378385 | |
| 245 | 1 | 0 | |a Unamuno: ansia de Dios y creación literaria |
| 300 | |a 225 p | ||
| 942 | |c BK | ||
| 945 | |d 19970117 00:00:00 |a nastorga | ||
| 260 | |a Madrid |b Ediciones Alcalá |c 1966 | ||
| 600 | 0 | 7 | |a UNAMUNO, MIGUEL DE |2 CL-VaPUC |9 312478 |
| 650 | 7 | |a NOVELA ESPAÑOLA |2 CL-VaPUC |9 313139 | |
| 650 | 0 | |a Historia y crítica |9 257407 | |
| 650 | 0 | |a Crítica literaria |9 269189 | |
| 650 | 0 | |a Ideologías |9 255200 | |
| 650 | 7 | |a METAFORA |2 CL-VaPUC |9 331834 | |
| 650 | 0 | |a Cultura |9 269059 | |
| 650 | 0 | |a Teatro |9 265385 | |
| 650 | 7 | |a HOMBRE |2 CL-VaPUC |9 262149 | |
| 583 | |a last modification |c 19970117 00:00:00 |k Rodrigo Vera | ||
| 999 | |c 256057 |d 256055 | ||
| 952 | |0 0 |1 0 |4 0 |6 863_090000000000000_FER_1966 |7 0 |8 A |9 278594 |a BIBEDU |b BIBEDU |d 2019-11-19 |i 3272176 |o 863.09 FER 1966 |p 3272176 |r 2019-11-19 |w 2019-11-19 |y BK |k LIT | ||
| 952 | |0 0 |1 0 |4 0 |6 863_090000000000000_FER_1966 |7 0 |8 A |9 278595 |a BIBTEO |b BIBTEO |d 2019-11-19 |i 3169359 |o 863.09 FER 1966 |p 3169359 |r 2025-01-17 |w 2019-11-19 |y BK |k ICR | ||